000 01095nam a22002657a 4500
005 20101206113148.0
008 101206t xxu||||| |||| 00| 0 hin d
010 _aHIN-93247
020 _c170.00
_a9788190543709
035 _aHN-65593
037 _bDBAD/PUB
040 _aDPL
_bHN
082 _a305.4
100 _924598
_aरानी
245 _aसशक्त महिलाः समृद्ध गाँवः
_cरानी
_bमहिला सशक्तिकरण पर आधारित /
260 _aइलाहाबाद
_bभारत भारती प्रकाशन
_c2010
270 _bइलाहाबाद
_a1, बाई का बाग
_e3
300 _a120पृ.
_c22सेमी (सजिल्द)
_bसचित्र
650 _91169
650 _929580
700 _924599
700 _924924
942 _2ddc
_cHN
_mरानीस
_h305.4
999 _c53971
_d53971